[Event "Antonio Roura mem-B corr"]
[Site "LADAC Email"]
[Date "2001.09.30"]
[Round "?"]
[White "Horvat, Milan"]
[Black "Siviero, Giuseppe"]
[Result "1/2-1/2"]
[WhiteElo "2404"]
[BlackElo "2415"]
[PlyCount "49"]
[EventDate "2001.??.??"]
[EventType "tourn (corr)"]
[EventRounds "16"]
[SourceTitle "Corr 2004"]
[Source "ChessBase"]
[SourceDate "2003.04.28"]
[SourceVersion "3"]
[SourceVersionDate "2003.04.28"]
[SourceQuality "1"]

1. e4 e6 2. d4 d5 3. Nd2 Nf6 4. e5 Nfd7 5. Bd3 c5 6. c3 Nc6 7. Ne2 cxd4 8. cxd4 f6 9. exf6 Nxf6 10. Nf3 Bd6 11. 0-0 0-0 12. Bf4 Bxf4 13. Nxf4 Ne4 14. Qc1 Ng5 15. Nxg5 Qxg5 16. Ne2 Qxc1 17. Raxc1 a6 18. f4 Bd7 19. a3 Rac8 20. Rc2 Na7 21. Rxc8 Rxc8 22. Rc1 Rxc1+ 23. Nxc1 Bb5 24. Kf2 Bxd3 25. Nxd3 1/2-1/2

[Event "Antonio Roura mem-B corr"]
[Site "LADAC Email"]
[Date "2001.09.30"]
[Round "?"]
[White "Milher, Alberto Luis"]
[Black "Siviero, Giuseppe"]
[Result "0-1"]
[WhiteElo "2323"]
[BlackElo "2415"]
[PlyCount "70"]
[EventDate "2001.??.??"]
[EventType "tourn (corr)"]
[EventRounds "16"]
[SourceTitle "Corr 2004"]
[Source "ChessBase"]
[SourceDate "2003.04.28"]
[SourceVersion "3"]
[SourceVersionDate "2003.04.28"]
[SourceQuality "1"]

1. e4 e6 2. d4 d5 3. Nd2 Nf6 4. e5 Nfd7 5. c3 c5 6. Bd3 Nc6 7. Ne2 cxd4 8. cxd4 f6 9. exf6 Nxf6 10. Nf3 Bd6 11. 0-0 0-0 12. Bf4 Bxf4 13. Nxf4 Ne4 14. g3 Qf6 15. h4 h6 16. Bxe4 dxe4 17. Ne5 Rd8 18. Nxc6 bxc6 19. Qc2 g5 20. hxg5 hxg5 21. Ne2 Qf3 22. Qc1 Kf7 23. Qxg5 Rh8 24. Qf4+ Ke7 25. Qxf3 exf3 26. Nf4 Rh6 27. Ng2 fxg2 28. Kxg2 e5 29. Rfe1 Bh3+ 30. Kg1 Rah8 31. f3 Be6 32. dxe5 Rh2 33. g4 Bd5 34. Rf1 Ke6 35. Rae1 Bc4 0-1

[Event "SEMI 8-Eclipse 11 email"]
[Site "SEMI email"]
[Date "2001.02.20"]
[Round "?"]
[White "Horak, Jiri"]
[Black "Siviero, Giuseppe"]
[Result "1/2-1/2"]
[WhiteElo "2235"]
[BlackElo "2384"]
[PlyCount "88"]
[EventDate "2001.??.??"]
[EventType "team-match (corr)"]
[EventRounds "2"]
[EventCountry "ITA"]
[SourceTitle "Corr 2004"]
[Source "ChessBase"]
[SourceDate "2003.04.28"]
[SourceVersion "3"]
[SourceVersionDate "2003.04.28"]
[SourceQuality "1"]
[WhiteTeam "Eclipse-11"]
[BlackTeam "SEMI-8"]
[BlackTeamCountry "ITA"]

1. e4 e6 2. d4 d5 3. Nc3 Nf6 4. Bg5 Bb4 5. e5 h6 6. Bd2 Bxc3 7. bxc3 Ne4 8. Qg4 g6 9. Nf3 c5 10. dxc5 Qa5 11. Bd3 Nxd2 12. Kxd2 Qxc5 13. Nd4 a6 14. h4 Nc6 15. Qf4 Bd7 16. Rhb1 b5 17. a4 b4 18. Ne2 bxc3+ 19. Ke1 d4 20. Qf6 Qxe5 21. Qxe5 Nxe5 22. Bxa6 Ke7 23. Rb6 Rab8 24. Rxb8 Rxb8 25. Nxd4 Rb4 26. Nb5 Re4+ 27. Kf1 Rxh4 28. Kg1 Rc4 29. a5 Kd8 30. Ra3 Rc5 31. Nd4 Rd5 32. Nb3 Kc7 33. Be2 Kb7 34. f4 Nc6 35. Bf3 Rf5 36. Nd4 Rc5 37. Nb3 Rc4 38. g3 Ka7 39. Be2 Rb4 40. Nc5 Bc8 41. Kf2 g5 42. fxg5 hxg5 43. Rxc3 Nxa5 44. Ra3 Kb6 1/2-1/2

[Event "SEMI ECT 4-A email"]
[Site "SEMI email"]
[Date "2000.??.??"]
[Round "?"]
[White "Hanegby, Avigdor"]
[Black "Siviero, Giuseppe"]
[Result "1/2-1/2"]
[WhiteElo "2050"]
[BlackElo "2429"]
[PlyCount "39"]
[EventDate "2000.04.??"]
[EventType "tourn (corr)"]
[EventRounds "8"]
[EventCountry "ITA"]
[SourceTitle "Corr 2008"]
[Source "ChessBase"]
[SourceDate "2008.06.24"]
[SourceVersion "1"]
[SourceVersionDate "2008.06.24"]
[SourceQuality "1"]

1. f4 d5 2. b3 Bg4 3. Bb2 Nc6 4. h3 Bh5 5. g4 e5 6. Bg2 Bg6 7. fxe5 h5 8. Nc3 d4 9. Nd5 hxg4 10. e3 gxh3 11. Nxh3 Bh5 12. Qc1 Bg4 13. Ndf4 dxe3 14. dxe3 Qd7 15. Nf2 Rxh1+ 16. Bxh1 Nh6 17. Qd2 Qxd2+ 18. Kxd2 0-0-0+ 19. N4d3 Bd7 20. Rg1 1/2-1/2